[Event "XVI Autunno Scacchistico A"]
[Site "Venezia ITA"]
[Date "2010.10.31"]
[Round "2"]
[White "Bitossi, Massimo"]
[Black "Locci, Damiano"]
[Result "0-1"]
[WhiteElo "1936"]
[BlackElo "2153"]
[PlyCount "44"]
[EventDate "2010.10.30"]

1. d4 d5 2. Nc3 e6 3. e4 Bb4 4. a3 Bxc3+ 5. bxc3 dxe4 6. Qg4 Nf6 7. Qxg7 Rg8 8.
Qh6 Rg6 9. Qe3 c5 10. Bd2 Nc6 11. dxc5 e5 12. Ne2 Be6 13. Ng3 Ng4 14. Qe2 f5
15. f3 e3 16. fxg4 exd2+ 17. Qxd2 Qxd2+ 18. Kxd2 O-O-O+ 19. Ke1 Rxg4 20. Be2
Ra4 21. Rf1 f4 22. Ne4 Rxe4 0-1

[Event "XVI Autunno Scacchistico A"]
[Site "Venezia ITA"]
[Date "2010.10.31"]
[Round "2"]
[White "Bozzao, Francesco"]
[Black "Losso, Agostino"]
[Result "1/2-1/2"]
[WhiteElo "1893"]
[BlackElo "1791"]
[PlyCount "33"]
[EventDate "2010.10.30"]

1. e4 c5 2. Nf3 g6 3. d4 cxd4 4. Nxd4 Nc6 5. Nc3 Bg7 6. Be3 Nf6 7. Be2 O-O 8.
O-O d5 9. Nxc6 bxc6 10. exd5 Nxd5 11. Nxd5 cxd5 12. c3 a5 13. Qd2 Rb8 14. Rab1
Qd6 15. Rfd1 Rd8 16. f4 h5 17. Kh1 1/2-1/2

[Event "XVI Autunno Scacchistico A"]
[Site "Venezia ITA"]
[Date "2010.10.31"]
[Round "2"]
[White "Buchicchio, Giancarlo"]
[Black "Genocchio, Daniele"]
[Result "0-1"]
[WhiteElo "2095"]
[BlackElo "2449"]
[PlyCount "50"]
[EventDate "2010.10.30"]

1. e4 c6 2. d4 d5 3. Nc3 dxe4 4. Bc4 Nf6 5. Bg5 Bg4 6. f3 exf3 7. Nxf3 Bxf3 8.
gxf3 Nbd7 9. Qe2 Qa5 10. Bxf6 Nxf6 11. O-O-O g6 12. d5 Bh6+ 13. Kb1 O-O 14.
Qxe7 Bg5 15. Ne4 Nxe4 16. Qxe4 Rfe8 17. Qd4 Qb4 18. c3 Bf6 19. Qf4 Bxc3 20. Qc1
cxd5 21. Bb3 Bf6 22. Rxd5 Re2 23. Rd7 Rxb2+ 24. Qxb2 Bxb2 25. Rxf7 Qa3 0-1

[Event "XVI Autunno Scacchistico A"]
[Site "Venezia ITA"]
[Date "2010.10.31"]
[Round "2"]
[White "Caldonazzo, Matteo"]
[Black "Cavalleri, Giuseppe"]
[Result "0-1"]
[WhiteElo "1910"]
[BlackElo "1820"]
[PlyCount "124"]
[EventDate "2010.10.30"]

1. Nf3 d5 2. d4 Nf6 3. e3 e6 4. Bd3 c5 5. b3 Nc6 6. O-O Be7 7. Bb2 cxd4 8. exd4
O-O 9. Nbd2 Bd7 10. Ne5 Rc8 11. a3 g6 12. Qe2 Nh5 13. f4 Ng7 14. Ndf3 Bf6 15.
Ng4 h5 16. Nge5 Bxe5 17. Nxe5 Nxe5 18. fxe5 Qh4 19. Rf6 Nf5 20. g3 Qh3 21. Qf3
Qg4 22. Qxg4 hxg4 23. c3 Kg7 24. Rf1 Rh8 25. Be2 Rh7 26. Bxg4 Rch8 27. Rf2 Kg8
28. Bxf5 gxf5 29. Bc1 Bb5 30. h4 Bd3 31. Bg5 Be4 32. Kh2 Rh5 33. Bf4 Kg7 34.
Bd2 b6 35. Rf4 a5 36. Be1 Bc2 37. g4 R5h7 38. gxf5 Bxf5 39. R4xf5 exf5 40. Rxb6
Rh6 41. Rb5 Rd8 42. Rxa5 Rg6 43. Bd2 Rg4 44. Bg5 Rd7 45. Rc5 f4 46. Kh3 Rg3+
47. Kh2 Rg4 48. a4 f3 49. Rc6 Rg2+ 50. Kh3 Rc2 51. Kg3 Rb7 52. b4 Rxb4 53. Bf6+
Kh7 54. cxb4 Rxc6 55. Be7 Rc3 56. Bc5 Ra3 57. a5 Kg6 58. Bb6 Kf5 59. b5 Ke4 60.
Bd8 Ke3 61. b6 f2 62. Kg2 Ke2 0-1

[Event "XVI Autunno Scacchistico A"]
[Site "Venezia ITA"]
[Date "2010.10.31"]
[Round "2"]
[White "Capaliku, Aleks"]
[Black "Fracasso Pezzolato, Michele"]
[Result "1-0"]
[WhiteElo "2088"]
[BlackElo "1823"]
[PlyCount "91"]
[EventDate "2010.10.30"]

1. f4 d5 2. Nf3 Nf6 3. e3 e6 4. b3 c5 5. Bb2 Nc6 6. Bb5 Bd7 7. O-O Be7 8. d3
Ng4 9. Bxc6 Bxc6 10. Qe2 f6 11. Nd4 cxd4 12. Qxg4 Kf7 13. Bxd4 Qd7 14. Nd2 Rad8
15. Bxa7 Ke8 16. Nf3 g6 17. Nd4 f5 18. Qe2 h6 19. Nxc6 Qxc6 20. Bd4 Rh7 21. e4
fxe4 22. dxe4 dxe4 23. c3 Bc5 24. Rae1 Bxd4+ 25. cxd4 Rc7 26. Qxe4 Qxe4 27.
Rxe4 Kd7 28. Rfe1 Rc2 29. Rxe6 Rxa2 30. Re7+ Kc6 31. Re8 Rxe8 32. Rxe8 Kd5 33.
Rd8+ Ke4 34. Rd6 Ra6 35. Rxa6 bxa6 36. d5 Kxd5 37. Kf2 Kd4 38. Kf3 Kc3 39. g4
Kxb3 40. f5 gxf5 41. gxf5 a5 42. f6 a4 43. f7 a3 44. f8=Q a2 45. Qf6 Kc2 46.
Qa1 1-0

[Event "XVI Autunno Scacchistico A"]
[Site "Venezia ITA"]
[Date "2010.10.31"]
[Round "2"]
[White "Castellano, Alfonso"]
[Black "Zamengo, Bruno"]
[Result "1-0"]
[WhiteElo "1920"]
[BlackElo "1841"]
[PlyCount "65"]
[EventDate "2010.10.30"]

1. c4 g6 2. Nc3 Bg7 3. g3 e5 4. Bg2 f5 5. e3 Nc6 6. Nge2 d6 7. d3 Nf6 8. O-O
O-O 9. Rb1 Bd7 10. b4 Rb8 11. b5 Ne7 12. f4 Kh8 13. Ba3 Ng4 14. Qd2 Re8 15. h3
Nf6 16. c5 Be6 17. b6 axb6 18. cxd6 cxd6 19. Nb5 Nc8 20. Rbc1 Bf8 21. Nc7 Re7
22. fxe5 Rxc7 23. exf6 Na7 24. Nf4 Bf7 25. Bd5 Nc6 26. Bb2 Ne5 27. d4 Nc6 28.
e4 fxe4 29. Bxf7 Rxf7 30. Ne6 Qd7 31. Ng5 d5 32. Qf4 Bd6 33. Nxf7+ 1-0

[Event "XVI Autunno Scacchistico A"]
[Site "Venezia ITA"]
[Date "2010.10.31"]
[Round "2"]
[White "Cedriano, Filippo"]
[Black "Xia, Jie"]
[Result "0-1"]
[WhiteElo "2006"]
[BlackElo "2184"]
[PlyCount "81"]
[EventDate "2010.10.30"]

1. e4 c5 2. Nf3 d6 3. d4 cxd4 4. Nxd4 Nf6 5. Nc3 g6 6. Be2 Bg7 7. Be3 O-O 8.
O-O Nc6 9. Qd2 Bd7 10. f3 a6 11. Nd5 Nxd4 12. Nxf6+ Bxf6 13. Bxd4 Bxd4+ 14.
Qxd4 Rc8 15. c3 Qa5 16. Bc4 Qc5 17. Qxc5 Rxc5 18. Bd5 Rb8 19. Rfd1 Kf8 20. Rd4
b5 21. Kf2 b4 22. Rxb4 Rxb4 23. cxb4 Rc2+ 24. Kg3 Rxb2 25. Bb3 Be6 26. Bxe6
fxe6 27. a3 e5 28. Rc1 Rb3 29. Ra1 Ke8 30. Kg4 Rb2 31. g3 Rxh2 32. a4 Kd7 33.
b5 axb5 34. axb5 Rg2 35. Ra7+ Ke6 36. Rb7 h5+ 37. Kh4 Kf6 38. g4 hxg4 39. fxg4
Re2 40. Rb8 g5+ 41. Kh3 0-1

[Event "XVI Autunno Scacchistico A"]
[Site "Venezia ITA"]
[Date "2010.10.31"]
[Round "2"]
[White "Del Monaco, Andrea"]
[Black "Rorato, Renzo"]
[Result "1-0"]
[WhiteElo "2277"]
[BlackElo "2053"]
[PlyCount "49"]
[EventDate "2010.10.30"]

1. e4 c5 2. Nc3 e6 3. f4 a6 4. Nf3 Qc7 5. d3 Nc6 6. g3 b5 7. Bg2 Bb7 8. O-O d6
9. f5 exf5 10. Nd5 Qd8 11. exf5 Nce7 12. Nc3 Nf6 13. a4 b4 14. Ne4 Nxe4 15.
dxe4 Nc6 16. e5 Nxe5 17. Nxe5 Bxg2 18. Nxf7 Kxf7 19. Kxg2 Be7 20. Qd5+ Kf8 21.
f6 Bxf6 22. Rxf6+ gxf6 23. Bh6+ Ke7 24. Re1+ Kd7 25. Qb7+ 1-0

[Event "XVI Autunno Scacchistico A"]
[Site "Venezia ITA"]
[Date "2010.10.31"]
[Round "2"]
[White "Faccia, Sergio"]
[Black "Aleksic, Nenad"]
[Result "1/2-1/2"]
[WhiteElo "2060"]
[BlackElo "2359"]
[PlyCount "35"]
[EventDate "2010.10.30"]

1. e4 e6 2. c4 c5 3. Nf3 d6 4. d4 cxd4 5. Nxd4 Nf6 6. Nc3 a6 7. Be2 Nbd7 8. O-O
b6 9. f4 Bb7 10. Bf3 Qc7 11. b3 Be7 12. Ba3 Nc5 13. Re1 Rd8 14. Rc1 O-O 15. f5
e5 16. Nc2 b5 17. cxb5 axb5 18. b4 1/2-1/2

[Event "XVI Autunno Scacchistico A"]
[Site "Venezia ITA"]
[Date "2010.10.31"]
[Round "2"]
[White "Gandolfi, Attilio"]
[Black "Biagioli, Valerio"]
[Result "0-1"]
[WhiteElo "1829"]
[BlackElo "1919"]
[PlyCount "116"]
[EventDate "2010.10.30"]

1. c4 Nf6 2. Nc3 g6 3. g3 Bg7 4. Bg2 c6 5. Nf3 Na6 6. d4 d5 7. cxd5 Nxd5 8. O-O
O-O 9. e3 Bg4 10. Qb3 Nxc3 11. bxc3 Qd7 12. Bb2 c5 13. Ne5 Bxe5 14. dxe5 Rab8
15. c4 Nb4 16. a3 Qd3 17. Bc3 Nc6 18. Rab1 Be2 19. Rfe1 Qxc4 20. Qb2 Bd3 21.
Rbd1 Be4 22. Rd2 Bxg2 23. Kxg2 b5 24. Red1 a5 25. Qc2 b4 26. Bb2 Qb5 27. Rd5
bxa3 28. Bxa3 Nb4 29. Bxb4 axb4 30. Qxc5 Qxc5 31. Rxc5 b3 32. Rb1 Rb6 33. f4
Rd8 34. Kf3 Rd2 35. Rc3 b2 36. h4 Kg7 37. e4 h6 38. Ke3 Rh2 39. Kf3 e6 40. Ke3
g5 41. hxg5 hxg5 42. f5 Rb5 43. Kf3 Rxe5 44. fxe6 Rxe6 45. Rb3 g4+ 46. Ke3 Rf6
47. R3xb2 Rf3+ 48. Kd4 Rxb2 49. Rxb2 Rxg3 50. Rf2 Kg6 51. Ke5 Rf3 52. Rg2 Kg5
53. Kd4 Kf4 54. e5 g3 55. Re2 Rf1 56. e6 Rd1+ 57. Kc3 fxe6 58. Rxe6 g2 0-1

[Event "XVI Autunno Scacchistico A"]
[Site "Venezia ITA"]
[Date "2010.10.31"]
[Round "2"]
[White "Gigovski, Gjoko"]
[Black "Buzio, Alberto"]
[Result "1/2-1/2"]
[WhiteElo "1932"]
[BlackElo "1875"]
[PlyCount "64"]
[EventDate "2010.10.30"]

1. d4 Nf6 2. Nf3 d5 3. Bf4 c5 4. c3 Nc6 5. e3 e6 6. Nbd2 Bd6 7. Bg3 cxd4 8.
exd4 O-O 9. Ne5 Ne8 10. f4 f6 11. Nxc6 bxc6 12. Nf3 Qb6 13. Qc2 Ba6 14. Be2 c5
15. Bxa6 Qxa6 16. Qe2 Nc7 17. Qxa6 Nxa6 18. O-O Rab8 19. b3 Nc7 20. Rac1 Nb5
21. Rfe1 Rfe8 22. Kf1 Rbc8 23. a4 Nc7 24. dxc5 Bxc5 25. b4 Bf8 26. b5 Bc5 27.
Nd4 Kf7 28. Nb3 Ba3 29. Rc2 Na8 30. Bf2 Nb6 31. Bxb6 axb6 32. Ra1 Bb4 1/2-1/2

[Event "XVI Autunno Scacchistico A"]
[Site "Venezia ITA"]
[Date "2010.10.31"]
[Round "2"]
[White "Gouillart, Sylvain"]
[Black "Bonini, Roberto"]
[Result "1-0"]
[WhiteElo "1929"]
[BlackElo "1864"]
[PlyCount "93"]
[EventDate "2010.10.30"]

1. c4 Nf6 2. Nc3 g6 3. g3 Bg7 4. Bg2 Nc6 5. Nf3 O-O 6. O-O Rb8 7. d4 d6 8. e4
e5 9. d5 Na5 10. Qe2 b6 11. b4 Nb7 12. h3 h6 13. Bb2 Nh5 14. Nh4 Bf6 15. Nf3
Bg7 16. Nh2 f5 17. exf5 Bxf5 18. Ne4 Qc8 19. Ng4 Kh7 20. Kh2 Qe8 21. Rae1 Qa4
22. a3 Qe8 23. Bc1 a5 24. Ne3 Bd7 25. b5 Qf7 26. Ng4 Bf5 27. Be3 Qe7 28. Qd2 g5
29. Qd1 Bg6 30. Rh1 Rbe8 31. Kg1 Bf6 32. h4 Kg7 33. Nexf6 Nxf6 34. hxg5 Nxg4
35. gxh6+ Kh7 36. Qxg4 Qf7 37. Be4 Rg8 38. Rh5 Nc5 39. Bxc5 bxc5 40. Rg5 Ref8
41. Rf1 Bxe4 42. Qxe4+ Kh8 43. Rg7 Rxg7 44. hxg7+ Qxg7 45. Kg2 Qh6 46. Rh1
Rxf2+ 47. Kxf2 1-0

[Event "XVI Autunno Scacchistico A"]
[Site "Venezia ITA"]
[Date "2010.10.31"]
[Round "2"]
[White "Kizov, Atanas"]
[Black "Gallana, Marco"]
[Result "1-0"]
[WhiteElo "2389"]
[BlackElo "2080"]
[PlyCount "33"]
[EventDate "2010.10.30"]

1. d4 Nf6 2. c4 g6 3. Nc3 d5 4. Nf3 Bg7 5. e3 O-O 6. Qb3 dxc4 7. Bxc4 Nc6 8.
Be2 Nd7 9. O-O e5 10. dxe5 Ndxe5 11. Rd1 Qe7 12. Nd5 Qc5 13. Ng5 Bf5 14. e4 Bc8
15. Be3 Qa5 16. Rac1 h6 17. Rc5 1-0

[Event "XVI Autunno Scacchistico A"]
[Site "Venezia ITA"]
[Date "2010.10.31"]
[Round "2"]
[White "Lavric, Mihail"]
[Black "Omeri, Silvan"]
[Result "0-1"]
[WhiteElo "2025"]
[BlackElo "2204"]
[PlyCount "80"]
[EventDate "2010.10.30"]

1. d4 Nf6 2. c4 e6 3. Nf3 c5 4. d5 exd5 5. cxd5 d6 6. Nc3 g6 7. e4 a6 8. a4 Bg4
9. Bd3 Bg7 10. O-O O-O 11. h3 Bxf3 12. Qxf3 Qc7 13. Re1 Nbd7 14. Bf4 Nh5 15.
Bh2 Ne5 16. Qd1 Nxd3 17. Qxd3 c4 18. Qd2 Rfe8 19. Rad1 Rad8 20. f4 b5 21. axb5
axb5 22. Nxb5 Qc5+ 23. Nd4 Nf6 24. Kh1 Nxe4 25. Rxe4 Rxe4 26. Nc6 Rde8 27. Bg1
Qb5 28. f5 Qxb2 29. Qg5 Qf6 30. Qg3 gxf5 31. Bh2 f4 32. Qf2 c3 33. Rf1 f3 34.
gxf3 Re2 35. Qg3 c2 36. Rg1 Qg6 37. Qf4 Re1 38. Bg3 Rxg1+ 39. Kxg1 Qxg3+ 40.
Qxg3 c1=Q+ 0-1

[Event "XVI Autunno Scacchistico A"]
[Site "Venezia ITA"]
[Date "2010.10.31"]
[Round "2"]
[White "Maffeo, Mauro"]
[Black "Gallo, Enrico"]
[Result "0-1"]
[WhiteElo "1802"]
[BlackElo "2127"]
[PlyCount "46"]
[EventDate "2010.10.30"]

1. d4 Nf6 2. Nf3 e6 3. e3 b6 4. Bd3 Bb7 5. Nbd2 c5 6. b3 cxd4 7. exd4 Be7 8.
O-O O-O 9. Bb2 d6 10. c4 Nc6 11. a3 Re8 12. Ne4 Qc7 13. Rc1 Rad8 14. Ng3 Bf8
15. Bb1 Ne7 16. Nh4 Ng6 17. Nxg6 hxg6 18. h4 Qc6 19. f3 e5 20. d5 Qc5+ 21. Kh1
Qe3 22. Ne2 Nh5 23. Rc3 Qxe2 0-1

[Event "XVI Autunno Scacchistico A"]
[Site "Venezia ITA"]
[Date "2010.10.31"]
[Round "2"]
[White "Panican, Gheorghe"]
[Black "Carlassara, Renato"]
[Result "1-0"]
[WhiteElo "1915"]
[BlackElo "1831"]
[PlyCount "51"]
[EventDate "2010.10.30"]

1. e4 e5 2. Nc3 Nf6 3. g3 Nc6 4. Bg2 Bc5 5. Nge2 d6 6. O-O Bg4 7. h3 Bh5 8. d3
Nd4 9. g4 Bxg4 10. hxg4 Nxg4 11. Nxd4 Qh4 12. Nf3 Bxf2+ 13. Rxf2 Qxf2+ 14. Kh1
h5 15. Qe2 Qg3 16. Qe1 Qxe1+ 17. Nxe1 f6 18. Nd5 Kd7 19. Kg1 c6 20. Ne3 Nxe3
21. Bxe3 g5 22. Nf3 h4 23. Bh3+ Kc7 24. Kh1 d5 25. Rf1 Rhg8 26. Nh2 1-0

[Event "XVI Autunno Scacchistico A"]
[Site "Venezia ITA"]
[Date "2010.10.31"]
[Round "2"]
[White "Pechy, Alaster"]
[Black "Bortolussi, Andrea"]
[Result "1-0"]
[WhiteElo "2191"]
[BlackElo "1951"]
[PlyCount "101"]
[EventDate "2010.10.30"]

1. d4 Nf6 2. c4 e6 3. g3 d5 4. Bg2 c6 5. Nf3 Nbd7 6. O-O Bd6 7. Qc2 Ne4 8. Nfd2
Nxd2 9. Nxd2 Nf6 10. e4 dxe4 11. Nxe4 Be7 12. Rd1 O-O 13. Bd2 h6 14. Bc3 Nxe4
15. Qxe4 Bf6 16. a4 Re8 17. a5 Bd7 18. Qe3 Qc7 19. b4 Rad8 20. f4 b6 21. axb6
axb6 22. Ra2 Ra8 23. Rda1 Rxa2 24. Rxa2 Bc8 25. Qf3 Bd7 26. h4 Rd8 27. c5 Be8
28. Qe3 bxc5 29. dxc5 Bxc3 30. Qxc3 Qd7 31. Kh2 Kf8 32. Ra6 Qd2 33. Qxd2 Rxd2
34. Kg1 Rb2 35. Rb6 Ke7 36. Rb7+ Kd8 37. Rb8+ Kd7 38. Bf3 Ke7 39. Kf1 Rb3 40.
Kf2 Rb2+ 41. Ke1 Rb3 42. Kf2 Rb2+ 43. Be2 f6 44. Ke1 Rb3 45. g4 e5 46. Rb7+ Kf8
47. fxe5 fxe5 48. h5 Rb2 49. Bd3 Rb3 50. Kd2 Bf7 51. Rxf7+ 1-0

[Event "XVI Autunno Scacchistico A"]
[Site "Venezia ITA"]
[Date "2010.10.31"]
[Round "2"]
[White "Pfeifer, Andreas"]
[Black "Guerra, Alessandro"]
[Result "0-1"]
[WhiteElo "2046"]
[BlackElo "2236"]
[PlyCount "56"]
[EventDate "2010.10.30"]

1. e4 c5 2. Ne2 Nc6 3. d4 cxd4 4. Nxd4 Nf6 5. Nc3 e6 6. Ndb5 Bb4 7. a3 Bxc3+ 8.
Nxc3 d5 9. exd5 exd5 10. Bg5 O-O 11. Be2 d4 12. Ne4 Qa5+ 13. b4 Qe5 14. Nxf6+
gxf6 15. Bh4 d3 16. cxd3 Nd4 17. Ra2 Be6 18. Rd2 Bb3 19. Qb1 Rfe8 20. O-O Qf4
21. Bxf6 Qxf6 22. Bd1 Bd5 23. f4 Nf5 24. Bb3 Qc3 25. Rb2 Bxb3 26. Rxb3 Qd4+ 27.
Kh1 Re6 28. b5 Ng3+ 0-1

[Event "XVI Autunno Scacchistico A"]
[Site "Venezia ITA"]
[Date "2010.10.31"]
[Round "2"]
[White "Redo, Giorgio"]
[Black "Marson, Luca"]
[Result "1/2-1/2"]
[WhiteElo "2115"]
[BlackElo "1908"]
[PlyCount "124"]
[EventDate "2010.10.30"]

1. f4 d5 2. Nf3 Nf6 3. e3 Bg4 4. b3 Nbd7 5. Bb2 c6 6. Be2 Qc7 7. Ne5 Bxe2 8.
Qxe2 e6 9. O-O Bd6 10. Nxd7 Qxd7 11. d3 Qc7 12. Nd2 O-O-O 13. Nf3 Rhg8 14. a4
Nd7 15. Ng5 Nf6 16. Nf3 Nd7 17. Rae1 Rde8 18. Qf2 h6 19. Qh4 f6 20. Qh5 g5 21.
f5 e5 22. g4 Qd8 23. e4 d4 24. Re2 Qe7 25. Kg2 Bb4 26. Rh1 Qg7 27. Bc1 Kb8 28.
Kg3 Rc8 29. Bd2 Bxd2 30. Nxd2 b5 31. Nf3 Nc5 32. Ra1 Nd7 33. Ra2 b4 34. Nd2 Qe7
35. a5 Nc5 36. Nc4 Nb7 37. Re1 Nd6 38. Nxd6 Qxd6 39. Qxh6 Qe7 40. Qh3 Rh8 41.
Qg2 Qh7 42. Rh1 Qh4+ 43. Kf3 Qh3+ 44. Qg3 Kb7 45. Ra4 c5 46. a6+ Kb6 47. Raa1
Rh4 48. Rag1 Rch8 49. Qxh3 Rxh3+ 50. Kg2 Kxa6 51. Rf1 Kb5 52. Rf3 Rxf3 53. Kxf3
a5 54. h4 gxh4 55. g5 fxg5 56. Kg4 Kc6 57. Kxg5 h3 58. Kf6 Kd6 59. Rh2 Rh4 60.
Kg5 Rh8 61. Kg6 Rh4 62. Kf7 Rh7+ 1/2-1/2

[Event "XVI Autunno Scacchistico A"]
[Site "Venezia ITA"]
[Date "2010.10.31"]
[Round "2"]
[White "Rorato, Giovanni Riccardo"]
[Black "Bonan, Yves"]
[Result "1-0"]
[WhiteElo "2062"]
[BlackElo "1872"]
[PlyCount "65"]
[EventDate "2010.10.30"]

1. d4 d5 2. Nf3 Bf5 3. c4 dxc4 4. e3 c6 5. Bxc4 e6 6. O-O Nf6 7. Qe2 Be7 8.
Nbd2 Ne4 9. Nxe4 Bxe4 10. Nd2 Bg6 11. Nb3 b5 12. Bd3 Bxd3 13. Qxd3 a5 14. a4 b4
15. Rd1 O-O 16. e4 Nd7 17. Be3 Nf6 18. f3 e5 19. dxe5 Qxd3 20. Rxd3 Ne8 21. Rd7
Bd8 22. Bc5 Bc7 23. f4 f5 24. Bxf8 Kxf8 25. exf5 Bb6+ 26. Kf1 Nc7 27. Rc1 Nd5
28. Rxc6 Ne3+ 29. Ke2 Nxg2 30. Rxb6 Nxf4+ 31. Kf3 Nh5 32. Kg4 g6 33. fxg6 1-0

[Event "XVI Autunno Scacchistico A"]
[Site "Venezia ITA"]
[Date "2010.10.31"]
[Round "2"]
[White "Rostolis, Riccardo"]
[Black "De Nisi, Roberta"]
[Result "0-1"]
[WhiteElo "1875"]
[BlackElo "1931"]
[PlyCount "54"]
[EventDate "2010.10.30"]

1. e4 e6 2. d4 d5 3. e5 c5 4. c3 Nc6 5. Nf3 Qb6 6. dxc5 Bxc5 7. Qc2 a5 8. Bd3
Nge7 9. O-O Ng6 10. Re1 Bd7 11. Be3 Bxe3 12. Rxe3 Qc7 13. Qe2 Nf4 14. Qc2 Nxd3
15. Qxd3 Rc8 16. Na3 Na7 17. Ng5 h6 18. Nh3 b5 19. Qe2 Ke7 20. Qg4 Rcg8 21. Nc2
Qc4 22. Nd4 g5 23. Qf3 Rg6 24. b3 Qc5 25. Qg3 b4 26. Rd1 Rc8 27. cxb4 Qxd4 0-1

[Event "XVI Autunno Scacchistico A"]
[Site "Venezia ITA"]
[Date "2010.10.31"]
[Round "2"]
[White "Santolini, Luigi"]
[Black "Garonzi, Martino"]
[Result "1/2-1/2"]
[WhiteElo "2235"]
[BlackElo "2038"]
[PlyCount "51"]
[EventDate "2010.10.30"]

1. d4 Nf6 2. c4 d6 3. Nc3 g6 4. e4 Bg7 5. f4 O-O 6. Nf3 c5 7. d5 e6 8. dxe6
Bxe6 9. Bd3 Nc6 10. O-O Re8 11. f5 Bd7 12. Bg5 Qb6 13. Qd2 Nd4 14. Kh1 Bc6 15.
fxg6 hxg6 16. Nxd4 cxd4 17. Bxf6 Bxf6 18. Qf4 dxc3 19. Qxf6 Qc7 20. Qxc3 Bxe4
21. Rad1 Rac8 22. Bxe4 Rxe4 23. b3 Re2 24. a4 Rce8 25. Qd4 Qc6 26. Qd5 1/2-1/2

[Event "XVI Autunno Scacchistico A"]
[Site "Venezia ITA"]
[Date "2010.10.31"]
[Round "2"]
[White "Sorbera, Giovanni"]
[Black "Ceschia, Ivano"]
[Result "1-0"]
[WhiteElo "2057"]
[BlackElo "2251"]
[PlyCount "105"]
[EventDate "2010.10.30"]

1. e4 c5 2. Nf3 e6 3. c3 Nf6 4. d3 Nc6 5. g3 d5 6. e5 Nd7 7. Qe2 Be7 8. Bg2 b5
9. h4 b4 10. O-O bxc3 11. bxc3 Ba6 12. Bf4 h6 13. Qe3 Qa5 14. Rc1 Nb6 15. Nbd2
Na4 16. c4 d4 17. Nxd4 Nxd4 18. Bxa8 g5 19. hxg5 hxg5 20. Bxg5 Qd8 21. Bxe7
Qxa8 22. Ne4 Kxe7 23. Kg2 Bb7 24. Rh1 Rg8 25. Qf4 Nf5 26. Rh7 Nc3 27. Re1 Rg6
28. Kg1 Nxe4 29. dxe4 Qg8 30. Rh3 Rg4 31. Qf3 Nd4 32. Qf6+ Kd7 33. Rh8 Rxg3+
34. Kh2 Rg2+ 35. Kh1 Nf3 36. Rd1+ Bd5 37. Qxf3 Rg1+ 38. Rxg1 Qxh8+ 39. Kg2 Qg7+
40. Qg3 Qxg3+ 41. Kxg3 Bxc4 42. a3 Bb3 43. Kf3 c4 44. Ke3 a5 45. Kd4 a4 46. Rc1
Kc6 47. Rxc4+ Bxc4 48. Kxc4 Kb6 49. Kb4 Kc6 50. Kxa4 Kc5 51. Ka5 Kc6 52. Kb4
Kb6 53. a4 1-0

[Event "XVI Autunno Scacchistico A"]
[Site "Venezia ITA"]
[Date "2010.11.31"]
[Round "2"]
[White "Tamburrini, Pierluigi"]
[Black "Velluti, Alberto"]
[Result "0-1"]
[WhiteElo "1881"]
[BlackElo "1944"]
[PlyCount "53"]
[EventDate "2010.10.30"]

1. e4 e5 2. Nf3 Nc6 3. Bb5 a6 4. Ba4 Nf6 5. O-O Be7 6. Re1 b5 7. Bb3 O-O 8. c3
d5 9. exd5 Nxd5 10. Nxe5 Nxe5 11. Rxe5 c6 12. d4 Bd6 13. Re1 Qh4 14. g3 Qh3 15.
Qd3 Bf5 16. Qf1 Qh5 17. Be3 Bh3 18. Qe2 Bg4 19. Qf1 f5 20. f4 Rae8 21. Nd2 Re6
22. Qf2 Rfe8 23. Nf1 Kh8 24. Bxd5 cxd5 25. Bd2 Re2 26. Ne3 Rxf2 27. Kxf2 0-1

[Event "XVI Autunno Scacchistico A"]
[Site "Venezia ITA"]
[Date "2010.10.31"]
[Round "2"]
[White "Tomio, Dante"]
[Black "Rossi, Gianni"]
[Result "1-0"]
[WhiteElo "1949"]
[BlackElo "1859"]
[PlyCount "69"]
[EventDate "2010.10.30"]

1. d4 Nf6 2. Nf3 b6 3. Bg5 Bb7 4. Nbd2 d6 5. e3 Nbd7 6. Bc4 h6 7. Bf4 g5 8. Bg3
Nh5 9. Ne5 Nxe5 10. Bxe5 dxe5 11. Qxh5 Bd5 12. dxe5 Bxc4 13. Nxc4 Qd5 14. Qf3
O-O-O 15. Nd6+ Rxd6 16. exd6 Qa5+ 17. c3 exd6 18. Qxf7 Qe5 19. O-O Bg7 20. Rad1
g4 21. Qd5 Qe7 22. Qa8+ Kd7 23. Qxa7 Be5 24. Qa4+ Kd8 25. Qxg4 h5 26. Qh3 h4
27. f4 Bf6 28. Rfe1 Qe4 29. Qf3 Qc2 30. Qe2 Qe4 31. Qd3 Qe6 32. e4 Qg4 33. Qf3
Qg7 34. e5 Be7 35. Qa8+ 1-0

[Event "XVI Autunno Scacchistico A"]
[Site "Venezia ITA"]
[Date "2010.10.31"]
[Round "2"]
[White "Zanetto, Marco"]
[Black "Polese, Marco"]
[Result "0-1"]
[WhiteElo "1854"]
[BlackElo "1925"]
[PlyCount "96"]
[EventDate "2010.10.30"]

1. e4 e6 2. d4 d5 3. Nd2 Nf6 4. e5 Nfd7 5. c3 c5 6. Bd3 Nc6 7. Ne2 Qb6 8. Nf3
Be7 9. O-O h6 10. b3 a6 11. Bb2 c4 12. Bb1 Nf8 13. Nf4 Bd7 14. Nd2 g6 15. Qg4
Bg5 16. Ba3 f5 17. exf6 e5 18. Nxd5 Bxg4 19. Nxb6 Bxd2 20. Bxf8 Kxf8 21. Bxg6
Rd8 22. d5 Nb8 23. bxc4 Be2 24. Na4 Rd6 25. Rfb1 b5 26. Rb2 Bxc4 27. Rxd2 Rxf6
28. Bd3 Bxd3 29. Rxd3 bxa4 30. Rb1 Ke7 31. Rb7+ Nd7 32. Rg3 Rb8 33. Rxb8 Nxb8
34. Re3 Kd6 35. c4 Rf4 36. Rh3 Rxc4 37. Rxh6+ Kxd5 38. h4 Rc1+ 39. Kh2 Rc2 40.
Rb6 Nd7 41. Rxa6 Nc5 42. Rf6 Rxa2 43. h5 Rb2 44. Rf8 Rb6 45. f4 a3 46. Rd8+ Ke4
47. fxe5 a2 48. Rd1 Rb1 0-1

[Event "XVI Autunno Scacchistico A"]
[Site "Venezia ITA"]
[Date "2010.10.31"]
[Round "2"]
[White "Zangrando, Gianpietro"]
[Black "Redo, Stefano"]
[Result "1/2-1/2"]
[WhiteElo "1822"]
[BlackElo "1912"]
[PlyCount "97"]
[EventDate "2010.10.30"]

1. c4 Nf6 2. Nc3 e6 3. g3 Bb4 4. Bg2 O-O 5. e3 d5 6. Nge2 c5 7. O-O d4 8. a3
Ba5 9. Na4 d3 10. Nec3 Nbd7 11. Rb1 Rb8 12. b4 Bb6 13. Bb2 a5 14. Nxb6 Nxb6 15.
Ne4 Nxe4 16. Bxe4 f5 17. Bg2 Nxc4 18. bxc5 Nxb2 19. Rxb2 Qc7 20. Qb1 Qxc5 21.
Qxd3 b5 22. Qb3 Kh8 23. d4 Qd6 24. Rc1 Bb7 25. Rc5 Bxg2 26. Kxg2 b4 27. axb4
Rxb4 28. Qc3 Rxb2 29. Qxb2 a4 30. Qa3 Qd7 31. Rc7 Qd5+ 32. Kg1 Rb8 33. Rc1 Qb3
34. Ra1 Qxa3 35. Rxa3 Rb4 36. Kg2 g5 37. Kf3 Kg7 38. Ke2 Kf6 39. h3 e5 40.
dxe5+ Kxe5 41. Rc3 Rb2+ 42. Kf3 g4+ 43. hxg4 fxg4+ 44. Kxg4 Rxf2 45. Ra3 Ke4
46. Rxa4+ Kxe3 47. Ra5 Ke4 48. Rh5 Rf7 49. Rg5 1/2-1/2

[Event "XVI Autunno Scacchistico A"]
[Site "Venezia ITA"]
[Date "2010.10.31"]
[Round "3"]
[White "Biagioli, Valerio"]
[Black "Pfeifer, Andreas"]
[Result "0-1"]
[WhiteElo "1919"]
[BlackElo "2046"]
[PlyCount "94"]
[EventDate "2010.10.30"]

1. d4 e6 2. c4 Nf6 3. Nc3 Bb4 4. Bd2 O-O 5. e3 c5 6. Bd3 d5 7. cxd5 cxd4 8.
exd4 Nxd5 9. a3 Be7 10. Nf3 Nc6 11. O-O b6 12. Be4 Bb7 13. Nxd5 exd5 14. Bf5
Bf6 15. Bc3 Re8 16. Qd3 g6 17. Bg4 a5 18. Rfe1 Ba6 19. Qd2 Re4 20. Rxe4 dxe4
21. Ne5 Nxe5 22. dxe5 Qxd2 23. Bxd2 Bxe5 24. Be3 f5 25. Bd1 Rb8 26. g3 Bd3 27.
h4 Bxb2 28. Ra2 Be5 29. h5 Kg7 30. f3 b5 31. f4 Bc3 32. g4 fxg4 33. Bxg4 Kf6
34. hxg6 hxg6 35. Rf2 b4 36. axb4 axb4 37. f5 g5 38. Rh2 b3 39. Rh6+ Ke5 40.
Rc6 b2 41. Rxc3 b1=Q+ 42. Bc1 Kd4 43. Rc7 Bc4 44. Rd7+ Kc3 45. Rd1 e3 46. Bxe3
Qe4 47. Bd4+ Kc2 0-1

[Event "XVI Autunno Scacchistico A"]
[Site "Venezia ITA"]
[Date "2010.10.31"]
[Round "3"]
[White "Bonini, Roberto"]
[Black "Battagin, Mose'"]
[Result "0-1"]
[WhiteElo "1864"]
[BlackElo "1924"]
[PlyCount "74"]
[EventDate "2010.10.30"]

1. e4 d6 2. d4 Nf6 3. Nc3 g6 4. f4 Bg7 5. Nf3 O-O 6. h3 c5 7. Be3 cxd4 8. Nxd4
Nc6 9. Qd2 Bd7 10. O-O-O a6 11. g4 Nxd4 12. Bxd4 Bc6 13. Bg2 Qa5 14. Kb1 Rfe8
15. Qf2 Qc7 16. Bb6 Qc8 17. g5 Nd7 18. Bd4 e5 19. Be3 exf4 20. Bxf4 Ne5 21.
Rxd6 Nc4 22. Rd3 b5 23. Bc1 Qb7 24. Nd5 Bxd5 25. exd5 Nd6 26. Bd2 Rac8 27. Re1
Qd7 28. h4 Rcd8 29. Rde3 Nc4 30. Rxe8+ Rxe8 31. Rxe8+ Qxe8 32. Bc1 Qe5 33. c3
b4 34. Bf4 Qf5+ 35. Qc2 Qxf4 36. cxb4 Qd4 37. Bf1 Na3+ 0-1